| 000 | 00855nam a22002177a 4500 | ||
|---|---|---|---|
| 999 |
_c2616 _d2616 |
||
| 003 | URS | ||
| 005 | 20220114142216.0 | ||
| 008 | 190620s2015 ph a|||| |||| 00| 0 eng d | ||
| 020 | _a9789719676065 | ||
| 040 |
_beng _cURS _drda |
||
| 050 | 1 | 0 |
_aHQ 2039 _b.Q67 2015 |
| 100 | _aQuilang, Alexander | ||
| 245 | 7 | 0 |
_aNational service training program - book 1 _cAlexander Quilang, Andres Delos santos, Christian Jorge Fernandez, Edna Cabrera, Esperanza Olaviano, Godofredo Calsado, Herminia Angeles |
| 260 |
_aMalabon City: _bJimczyville Publications; _c[2015] |
||
| 300 |
_a292 pages _bwith illustrations _c22 cm |
||
| 504 | _aBiblliography: pages 287 | ||
| 524 | _aQuilang, A.(2015). National service training program-book 1, Malabon City: Jimczyville Publications | ||
| 650 | 0 | _bLiteracy Training Program | |
| 700 | _aDelos Santos, Andres | ||
| 942 |
_2lcc _cF |
||